| 000 | 00791cam a22002411 4500 | ||
|---|---|---|---|
| 999 |
_c26709 _d26709 |
||
| 001 | 1696002 | ||
| 003 | OSt | ||
| 005 | 20170206101149.0 | ||
| 008 | 730417s1965 nyua b 000 0 eng | ||
| 010 | _a 64022419 | ||
| 040 |
_aDLC _cDLC _dDLC |
||
| 050 | 0 | 0 |
_aNK1520 _b.B3 |
| 082 | 0 | 0 | _a745.4 |
| 100 | 1 | _aBallinger, Louise Bowen. | |
| 245 | 1 | 0 |
_aDesign: sources and resources _c[by] Louise Bowen Ballinger [and] Thomas F. Vroman. |
| 260 |
_aNew York, _bReinhold Pub. Corp. _c[1965] |
||
| 300 |
_a96 p. _billus. (part col.) _c21 cm. |
||
| 504 | _aBibliography: p. 95. | ||
| 650 | 0 | _aDesign. | |
| 700 | 1 |
_aVroman, Thomas F., _ejoint author. |
|
| 906 |
_a7 _bcbc _corignew _du _eocip _f19 _gy-gencatlg |
||
| 942 |
_2lcc _cBOOKS _hNK 1520 .B3 1965 |
||